000 00406nam a22001697a 4500
005 20160618094129.0
008 160618b xxu||||| |||| 00| 0 eng d
020 _a0-07-059843-6
041 _aeng
082 _b8069
100 _aWilson, Thomas B
_92074
245 _aInnovative Reward Systems for the changing word place
260 _bTMH
300 _a359
650 _aManagement
_9241
942 _cBK
999 _c3035
_d3034